000 00599nam a22002057a 4500
003 OSt
005 20140310182921.0
008 130129t xxu||||| |||| 00| 0 eng d
020 _a9715500196
050 _aJC311
_b.Sch86 2008
082 _aFIL 959.904
_bS392 2008
245 _aThe Making of a nation
_cSchumacher, John N.
_bessays on nineteenth-century Filipino nationalism
260 _aManila
_bAteneo de Manila University Press
_cc2008
300 _a269 p.
_c23 cm.
521 _acollege students
526 _c1210L-1700L
541 _j1
562 _e1
942 _2lcc
_cBK
_kFIL
999 _c17354
_d17354